000 00566nam a22001817a 4500
999 _c188417
_d188417
005 20220520160612.0
010 _aENG-132761
020 _a9789380695266
_c60.00
035 _aEN-116293
037 _bDBAD/PUB
082 _2215
100 _aTirtha, Swami Bhoomananda
245 _aWorshipping The Lord Within/
_cSwami Bhoomananda Tirtha
260 _aKerala
_bNarayanashrama Tapovanam
_c2012
270 _aVenginissery, P.O. Animada Thrissur
_bKerala
_e680563
_mashram1@gmail.com
300 _av, 54p.
_c21cm(pbk)
942 _2ddc
_cEN
_h215
_mTIR